[Event "ENCI Limburg-open C"]
[Site "Maastricht"]
[Date "2010.05.22"]
[Round "2"]
[White "Allen, Tim"]
[Black "De Bruin, Joost"]
[Result "1-0"]
[WhiteElo "1699"]
[BlackElo "1314"]
[PlyCount "84"]
[EventDate "2010.05.21"]
[EventType "swiss"]
[EventRounds "7"]
[EventCountry "NED"]
[Source "P.Boonen"]
[SourceDate "2010.10.01"]

1. e4 e6 2. d4 d5 3. Nc3 Nf6 4. Bg5 dxe4 5. Nxe4 Be7 6. Nxf6+ Bxf6 7. Bxf6 Qxf6
8. Nf3 O-O 9. c3 Bd7 10. Ne5 Bc6 11. Qg4 Qf5 12. Qxf5 exf5 13. O-O-O a6 14. f3
b5 15. Bd3 g6 16. Rhe1 Bb7 17. Bc2 Bd5 18. b3 f6 19. Nd3 Nd7 20. Nf4 Bf7 21.
Re7 Rfd8 22. Rde1 c5 23. Rd1 c4 24. bxc4 Bxc4 25. Bb3 Nb6 26. Rde1 Rac8 27. Kb2
b4 28. cxb4 Bxb3 29. Kxb3 Rxd4 30. Re8+ Rxe8 31. Rxe8+ Kf7 32. Rb8 Rd6 33. Rb7+
Kg8 34. Rc7 Nd5 35. Nxd5 Rxd5 36. a4 a5 37. b5 Rd4 38. Rc4 Rd6 39. Kc3 Kf7 40.
Rc7+ Ke6 41. Rxh7 Ke5 42. g3 Rd4 1-0

[Event "ENCI Limburg-open C"]
[Site "Maastricht"]
[Date "2010.05.22"]
[Round "2"]
[White "Arns, Danny"]
[Black "Senden, Sjef"]
[Result "0-1"]
[WhiteElo "1615"]
[BlackElo "1710"]
[PlyCount "106"]
[EventDate "2010.05.21"]
[EventType "swiss"]
[EventRounds "7"]
[EventCountry "NED"]
[Source "P.Boonen"]
[SourceDate "2010.10.01"]

1. e4 c5 2. Nf3 Nc6 3. d4 cxd4 4. Nxd4 Nf6 5. Nc3 d6 6. Be3 a6 7. Be2 e6 8. Qd2
Qc7 9. f3 Be7 10. O-O O-O 11. Kh1 b5 12. a3 Bb7 13. g4 Rfc8 14. Rac1 Ne5 15. g5
Nfd7 16. f4 Nc4 17. Bxc4 Qxc4 18. Qd3 Nc5 19. Qxc4 bxc4 20. Nde2 Nxe4 21. Kg1
Nxc3 22. Nxc3 d5 23. Na4 Rc6 24. Nb6 Rd8 25. c3 Bc5 26. Bxc5 Rxc5 27. b4 cxb3
28. Rfd1 Rb5 29. Nc4 Kf8 30. Nd2 b2 31. Rc2 Rc8 32. Rb1 Rcc5 33. a4 Rb6 34.
Rcxb2 Rxb2 35. Rxb2 Bc8 36. Nb1 Ke7 37. Kf2 f6 38. h4 e5 39. gxf6+ gxf6 40.
fxe5 fxe5 41. Rb3 Ra5 42. Rb4 Bd7 43. c4 d4 44. Nd2 Bxa4 45. c5 Bb5 46. Nf3
Ra2+ 47. Kg1 Ra1+ 48. Kh2 Ra2+ 49. Kg1 Re2 50. h5 d3 51. Rb1 Bc6 52. Ne1 d2 53.
Nd3 Be4 0-1

[Event "ENCI Limburg-open C"]
[Site "Maastricht"]
[Date "2010.05.22"]
[Round "2"]
[White "Baekelant, Viktor"]
[Black "Veelenturf, Wim"]
[Result "0-1"]
[WhiteElo "1047"]
[BlackElo "1719"]
[PlyCount "74"]
[EventDate "2010.05.21"]
[EventType "swiss"]
[EventRounds "7"]
[EventCountry "NED"]
[Source "P.Boonen"]
[SourceDate "2010.10.01"]

1. e4 c6 2. d4 d5 3. exd5 cxd5 4. Nf3 Nc6 5. c4 Nf6 6. Nc3 e6 7. Bg5 Be7 8. Be2
O-O 9. O-O dxc4 10. Bxc4 Nd5 11. Nxd5 exd5 12. Bxd5 Bxg5 13. Nxg5 Qxg5 14. Bf3
Bd7 15. Qd3 Rad8 16. Rfd1 Bg4 17. Bxg4 Qxg4 18. d5 Ne5 19. Qc3 Ng6 20. h3 Qg5
21. Qd4 b6 22. Rd2 Rd6 23. Rad1 Rfd8 24. g3 Ne5 25. h4 Nf3+ 26. Kg2 Nxd4 27.
hxg5 Rxd5 28. f4 Nf5 29. Rxd5 Rxd5 30. Rxd5 Ne3+ 31. Kf3 Nxd5 32. Ke4 Ne7 33.
b3 Kf8 34. a4 Ke8 35. a5 Kd7 36. axb6 axb6 37. b4 Kd6 0-1

[Event "ENCI Limburg-open C"]
[Site "Maastricht"]
[Date "2010.05.22"]
[Round "2"]
[White "Been, Klaas"]
[Black "Senders, Justin"]
[Result "0-1"]
[WhiteElo "1735"]
[BlackElo "1630"]
[PlyCount "132"]
[EventDate "2010.05.21"]
[EventType "swiss"]
[EventRounds "7"]
[EventCountry "NED"]
[Source "P.Boonen"]
[SourceDate "2010.10.01"]

1. d4 Nf6 2. Nf3 g6 3. e3 Bg7 4. Bd3 d6 5. Nbd2 O-O 6. O-O Nbd7 7. b3 e5 8. Bb2
Qe7 9. e4 Nh5 10. g3 Nb6 11. c4 Bg4 12. Rc1 exd4 13. Kg2 Qd7 14. Re1 Bh3+ 15.
Kh1 c5 16. Ng1 Bg4 17. f3 Be6 18. f4 Nf6 19. Qf3 Bg4 20. Qg2 Be6 21. h3 Qc7 22.
g4 Bd7 23. Ndf3 Bc6 24. Ne2 Nxe4 25. Nexd4 Nf6 26. Nxc6 bxc6 27. h4 d5 28. Be5
Qd7 29. cxd5 cxd5 30. Rxc5 Qxg4 31. Rg1 Qxg2+ 32. Rxg2 Nfd7 33. Rc1 Nxe5 34.
fxe5 Rfe8 35. Re1 Nd7 36. Bb5 Re7 37. Rge2 Nc5 38. Kg2 Rd8 39. Nd4 Rc8 40. Bc6
Nd3 41. Rf1 Rxe5 42. Rxe5 Nxe5 43. Bxd5 Rd8 44. Bxf7+ Nxf7 45. Ne6 Rd2+ 46. Kf3
Rxa2 47. Rc1 Ne5+ 48. Ke4 Re2+ 49. Kd5 Rd2+ 50. Ke4 Nd7 51. Rc8+ Kf7 52. Ng5+
Ke7 53. Rc7 a6 54. Ke3 Rb2 55. Rb7 a5 56. Ne4 Ke6 57. Ng5+ Kd6 58. Ne4+ Kc6 59.
Ra7 Rxb3+ 60. Kd2 Rb5 61. Ra8 Nb8 62. Ra7 Nd7 63. Ra8 Rb4 64. Rc8+ Kd5 65. Rc7
Kxe4 66. Rxd7 Rd4+ 0-1

[Event "ENCI Limburg-open C"]
[Site "Maastricht"]
[Date "2010.05.22"]
[Round "2"]
[White "Beissel, Daniel"]
[Black "De Lange, Marieke"]
[Result "1-0"]
[WhiteElo "1542"]
[BlackElo "1253"]
[PlyCount "71"]
[EventDate "2010.05.21"]
[EventType "swiss"]
[EventRounds "7"]
[EventCountry "NED"]
[Source "P.Boonen"]
[SourceDate "2010.10.01"]

1. d4 d5 2. c4 Nf6 3. cxd5 Qxd5 4. Nc3 Qd8 5. e4 Nc6 6. Bb5 Bd7 7. Nf3 a6 8.
Be2 Bg4 9. Be3 Bxf3 10. Bxf3 e5 11. d5 Na5 12. Qa4+ Nd7 13. Qxa5 b6 14. Qa4 Be7
15. Bg4 b5 16. Bxd7+ Qxd7 17. Qd1 O-O 18. O-O Qd6 19. a3 b4 20. axb4 Qxb4 21.
Qc2 Qd6 22. Na4 Rac8 23. Bc5 Qf6 24. Bxe7 Qxe7 25. Qc5 Qg5 26. Qe3 Qg6 27. Nc5
Ra8 28. Rfc1 f5 29. f3 f4 30. Qf2 Qd6 31. Ne6 Rf6 32. Rc6 Qd7 33. Qc2 Rc8 34.
Raxa6 Qf7 35. Ra7 Qh5 36. Rcxc7 1-0

[Event "ENCI Limburg-open C"]
[Site "Maastricht"]
[Date "2010.05.22"]
[Round "2"]
[White "Boer, Jan"]
[Black "Van Broekhoven, Stefan"]
[Result "1-0"]
[WhiteElo "1689"]
[BlackElo "1309"]
[PlyCount "79"]
[EventDate "2010.05.21"]
[EventType "swiss"]
[EventRounds "7"]
[EventCountry "NED"]
[Source "P.Boonen"]
[SourceDate "2010.10.01"]

1. d4 c5 2. d5 b6 3. c4 Bb7 4. Nc3 g6 5. e4 Bg7 6. Bd2 Na6 7. Be2 Bd4 8. Nf3 e5
9. dxe6 dxe6 10. Qa4+ Qd7 11. Nb5 Ne7 12. Nd6+ Kd8 13. Nxf7+ Kc7 14. Qxd7+ Kxd7
15. Nxh8 Bxh8 16. e5 Nc6 17. Bc3 Rd8 18. O-O-O+ Kc8 19. Rxd8+ Kxd8 20. Ng5 Ke7
21. Bf3 Nab4 22. Kb1 Nd3 23. Rd1 Ndxe5 24. Bxc6 Bxc6 25. f4 Bf6 26. Nxh7 Ng4
27. Bxf6+ Nxf6 28. Nxf6 Kxf6 29. g4 Ke7 30. Kc2 a6 31. Kd3 Kf6 32. Re1 b5 33.
Re5 Ke7 34. Rxc5 Kd6 35. Kd4 Bd7 36. cxb5 axb5 37. h4 Be8 38. h5 gxh5 39. gxh5
b4 40. Rg5 1-0

[Event "ENCI Limburg-open C"]
[Site "Maastricht"]
[Date "2010.05.22"]
[Round "2"]
[White "Bok, Gidius"]
[Black "Kunowski, Marco"]
[Result "1-0"]
[WhiteElo "1682"]
[BlackElo "1290"]
[PlyCount "103"]
[EventDate "2010.05.21"]
[EventType "swiss"]
[EventRounds "7"]
[EventCountry "NED"]
[Source "P.Boonen"]
[SourceDate "2010.10.01"]

1. e4 e5 2. Nf3 Nc6 3. Bc4 h6 4. d3 Bc5 5. c3 a6 6. O-O d6 7. b4 b5 8. Bd5 Nge7
9. bxc5 dxc5 10. Bxc6+ Nxc6 11. Be3 Qd6 12. d4 Bg4 13. dxc5 Qxd1 14. Rxd1 O-O
15. h3 Be6 16. Nbd2 f5 17. exf5 Bxf5 18. a3 Rfe8 19. c4 e4 20. Nd4 Nxd4 21.
Bxd4 Rad8 22. Be3 c6 23. cxb5 cxb5 24. Nb3 Rc8 25. Rac1 Kh7 26. c6 g5 27. c7
Rg8 28. g4 Be6 29. Bb6 Bxb3 30. Rd7+ Rg7 31. Rd8 Be6 32. Rxc8 Bxc8 33. Re1 Rg6
34. Ba5 Re6 35. Rd1 Rg6 36. Rd8 Rg8 37. Kf1 Kg7 38. Ke2 Kf7 39. Ke3 Bb7 40. Rb8
Bc8 41. Kxe4 Ke6 42. f4 gxf4 43. Kxf4 Rf8+ 44. Ke4 Kd6 45. Rb6+ Kd7 46. Rxh6
Bb7+ 47. Ke5 Re8+ 48. Kf5 Re4 49. Rh7+ Kc8 50. Rh8+ Kd7 51. c8=Q+ Bxc8 52. Kxe4
1-0

[Event "ENCI Limburg-open C"]
[Site "Maastricht"]
[Date "2010.05.22"]
[Round "2"]
[White "Braam, Marco"]
[Black "Bex, Lennert"]
[Result "1-0"]
[WhiteElo "1675"]
[BlackElo "1235"]
[PlyCount "105"]
[EventDate "2010.05.21"]
[EventType "swiss"]
[EventRounds "7"]
[EventCountry "NED"]
[Source "P.Boonen"]
[SourceDate "2010.10.01"]

1. e4 c6 2. d4 d5 3. e5 Bf5 4. Nf3 e6 5. Bd3 Ne7 6. O-O Bxd3 7. Qxd3 Nf5 8. Nc3
Qb6 9. Ne2 c5 10. c3 Nc6 11. dxc5 Bxc5 12. b4 Be7 13. Nf4 d4 14. b5 Na5 15.
cxd4 Rd8 16. Be3 Nxe3 17. fxe3 O-O 18. a4 Rc8 19. Rac1 a6 20. bxa6 bxa6 21. Rb1
Qc6 22. Ne2 Qxa4 23. Qxa6 Qa3 24. Kh1 Qxe3 25. Qxa5 Qxe2 26. Rfc1 Qe3 27. Re1
Qf2 28. Rf1 Qc2 29. Rbd1 Qc3 30. Qa2 Ra8 31. Qf2 Ra4 32. Rc1 Qa5 33. Rc2 Ra1
34. Rcc1 Rxc1 35. Rxc1 Qa3 36. Rf1 Qb4 37. h4 h6 38. g4 Qb7 39. Qg2 Rd8 40. Kh2
Qe4 41. Kh3 g5 42. hxg5 hxg5 43. Qf2 Rf8 44. Qd2 Qg6 45. Kg3 Rc8 46. Rh1 Rc2
47. Qe3 Ra2 48. Qb3 Rc2 49. Nxg5 Rd2 50. Qb8+ Bf8 51. Rh8+ Kxh8 52. Qxf8+ Qg8
53. Qh6+ 1-0

[Event "ENCI Limburg-open C"]
[Site "Maastricht"]
[Date "2010.05.22"]
[Round "2"]
[White "Brone, Steven"]
[Black "Strolenberg, Lars"]
[Result "0-1"]
[WhiteElo "1463"]
[BlackElo "1659"]
[PlyCount "72"]
[EventDate "2010.05.21"]
[EventType "swiss"]
[EventRounds "7"]
[EventCountry "NED"]
[Source "P.Boonen"]
[SourceDate "2010.10.01"]

1. b4 Nf6 2. Bb2 e6 3. b5 d5 4. e3 a6 5. a4 axb5 6. axb5 Rxa1 7. Bxa1 c6 8. Nf3
Ne4 9. Nc3 Nxc3 10. Bxc3 f6 11. Be2 Bd6 12. O-O Qc7 13. Qa1 e5 14. Rb1 O-O 15.
b6 Qf7 16. g3 Bg4 17. Kg2 Qh5 18. Re1 Bh3+ 19. Kh1 Qg6 20. d3 Qf7 21. Bf1 Be6
22. Bg2 Nd7 23. Qa5 Rc8 24. Rb1 Qe8 25. Ra1 Bc5 26. Qa4 Nxb6 27. Qh4 Be7 28. g4
g5 29. Qg3 Qd7 30. Nxe5 Qc7 31. Nf3 Qxg3 32. hxg3 Bxg4 33. Nh2 Be6 34. Ra7 Rb8
35. g4 Nc8 36. Ra1 Kf7 0-1

[Event "ENCI Limburg-open C"]
[Site "Maastricht"]
[Date "2010.05.22"]
[Round "2"]
[White "Chappin, Rene"]
[Black "Yue, Tim"]
[Result "0-1"]
[WhiteElo "1622"]
[BlackElo "1733"]
[PlyCount "88"]
[EventDate "2010.05.21"]
[EventType "swiss"]
[EventRounds "7"]
[EventCountry "NED"]
[Source "P.Boonen"]
[SourceDate "2010.10.01"]

1. e4 c5 2. Nf3 d6 3. d4 cxd4 4. Nxd4 Nf6 5. Nc3 Nc6 6. Be3 g6 7. f3 Bg7 8. Qd2
O-O 9. Be2 d5 10. Nxc6 bxc6 11. e5 Nd7 12. f4 e6 13. O-O f6 14. exf6 Qxf6 15.
Rad1 Rb8 16. Na4 Nb6 17. Nxb6 axb6 18. Bd4 Qxd4+ 19. Qxd4 Bxd4+ 20. Rxd4 Ra8
21. a3 c5 22. Rdd1 Ba6 23. Rde1 Bxe2 24. Rxe2 Kf7 25. Rfe1 Rfe8 26. Kf2 d4 27.
Re5 Kf6 28. h4 Ra4 29. R1e4 Ra5 30. g4 Rb5 31. b3 d3 32. cxd3 Rxb3 33. a4 Rxd3
34. a5 bxa5 35. Rxc5 Rd2+ 36. Re2 Rxe2+ 37. Kxe2 Ra8 38. Rc7 h5 39. gxh5 gxh5
40. Rc5 a4 41. Rxh5 a3 42. Rh6+ Kf5 43. Ke3 a2 44. Rh5+ Kg6 0-1

[Event "ENCI Limburg-open C"]
[Site "Maastricht"]
[Date "2010.05.22"]
[Round "2"]
[White "Chotoe, Henry"]
[Black "Boontje, Willem"]
[Result "0-1"]
[WhiteElo "1298"]
[BlackElo "1689"]
[PlyCount "62"]
[EventDate "2010.05.21"]
[EventType "swiss"]
[EventRounds "7"]
[EventCountry "NED"]
[Source "P.Boonen"]
[SourceDate "2010.10.01"]

1. e3 Nf6 2. d4 e6 3. Nf3 d5 4. c4 c6 5. c5 Nbd7 6. Bd3 Be7 7. O-O O-O 8. Nc3
Qc7 9. Qc2 e5 10. Nxe5 Nxe5 11. dxe5 Qxe5 12. f4 Qh5 13. b4 Re8 14. h3 a5 15.
Na4 axb4 16. Bb2 Bxh3 17. Rf3 Bg4 18. Rg3 Ne4 19. Bxe4 dxe4 20. Nb6 Rad8 21.
Bd4 Bh4 22. Rxg4 Qxg4 23. g3 Qxg3+ 24. Qg2 Qxg2+ 25. Kxg2 Re6 26. Rg1 Bf6 27.
Bxf6 Rxf6 28. Rb1 Rd2+ 29. Kf1 Rh6 30. Ke1 Rxa2 31. Nc4 Rh1# 0-1

[Event "ENCI Limburg-open C"]
[Site "Maastricht"]
[Date "2010.05.22"]
[Round "2"]
[White "Coenjaerts, Rene"]
[Black "Van Ginneken, Maikel"]
[Result "1-0"]
[WhiteElo "1717"]
[BlackElo "1331"]
[PlyCount "49"]
[EventDate "2010.05.21"]
[EventType "swiss"]
[EventRounds "7"]
[EventCountry "NED"]
[Source "P.Boonen"]
[SourceDate "2010.10.01"]

1. e4 e5 2. Nf3 Nc6 3. Bb5 Bc5 4. Nc3 Nf6 5. O-O d6 6. h3 Bd7 7. d3 a6 8. Bc4
Nd4 9. a3 c6 10. b4 Ba7 11. Rb1 b5 12. Ba2 a5 13. Bd2 Nxf3+ 14. Qxf3 Bd4 15.
Bb3 O-O 16. Ne2 Qb6 17. c3 Bxc3 18. Nxc3 a4 19. Ba2 Qd4 20. Rfc1 h6 21. Ne2 Qb6
22. Bxh6 gxh6 23. Qxf6 Kh7 24. Bxf7 Be8 25. Qg6+ 1-0

[Event "ENCI Limburg-open C"]
[Site "Maastricht"]
[Date "2010.05.22"]
[Round "2"]
[White "De Coninck, Erik"]
[Black "Van der Heijden, Arnold"]
[Result "0-1"]
[WhiteElo "1149"]
[BlackElo "1618"]
[PlyCount "54"]
[EventDate "2010.05.21"]
[EventType "swiss"]
[EventRounds "7"]
[EventCountry "NED"]
[Source "P.Boonen"]
[SourceDate "2010.10.01"]

1. c4 e5 2. g3 Nf6 3. Bg2 d5 4. cxd5 Nxd5 5. Nc3 Nxc3 6. bxc3 Bc5 7. e3 O-O 8.
d4 exd4 9. cxd4 Bb6 10. Ne2 Nd7 11. Ba3 Re8 12. O-O Nf6 13. Qc2 c6 14. Nc3 Bg4
15. h3 Bh5 16. Ne4 Bg6 17. f3 Nd5 18. Rfe1 Ba5 19. Re2 Nc3 20. Rf2 Nd5 21. Qb3
Bb6 22. Nd6 Rxe3 23. Qb2 Qc7 24. Re2 Rd8 25. Nc4 Rxe2 26. Qxe2 Bxd4+ 27. Kh2
Bxa1 0-1

[Event "ENCI Limburg-open C"]
[Site "Maastricht"]
[Date "2010.05.22"]
[Round "2"]
[White "De Lange, Gerard"]
[Black "Beukema, Jasper"]
[Result "0-1"]
[WhiteElo "1599"]
[BlackElo "1098"]
[PlyCount "72"]
[EventDate "2010.05.21"]
[EventType "swiss"]
[EventRounds "7"]
[EventCountry "NED"]
[Source "P.Boonen"]
[SourceDate "2010.10.01"]

1. d4 d5 2. c4 e6 3. Nc3 Nf6 4. Bg5 Be7 5. Nf3 h6 6. Bh4 O-O 7. e3 c6 8. Bd3
Nh5 9. Bxe7 Qxe7 10. O-O b6 11. Re1 Ba6 12. cxd5 cxd5 13. Bc2 Nc6 14. a3 Rac8
15. b4 Bc4 16. Nd2 Nf6 17. Nxc4 dxc4 18. Qe2 Rfd8 19. Qxc4 Nxd4 20. Qd3 Nf3+
21. gxf3 Rxd3 22. Bxd3 Rxc3 23. Red1 g6 24. e4 Nh5 25. Kh1 Nf4 26. Bb5 Rxf3 27.
Ra2 Qg5 28. Bf1 Qh4 29. Rdd2 Nh3 30. Bxh3 Qxh3 31. Kg1 Rf4 32. f3 Rxf3 33. Rg2
Rxa3 34. Rad2 Qe3+ 35. Rgf2 Ra1+ 36. Kg2 Qxe4+ 0-1

[Event "ENCI Limburg-open C"]
[Site "Maastricht"]
[Date "2010.05.22"]
[Round "2"]
[White "Dubbeldam, Lydia"]
[Black "Dekens, Joop"]
[Result "0-1"]
[WhiteElo "1107"]
[BlackElo "1601"]
[PlyCount "88"]
[EventDate "2010.05.21"]
[EventType "swiss"]
[EventRounds "7"]
[EventCountry "NED"]
[Source "P.Boonen"]
[SourceDate "2010.10.01"]

1. e4 c5 2. Bc4 d6 3. Nc3 Nf6 4. d3 g6 5. Bg5 Bg7 6. Qd2 a6 7. a3 Nc6 8. Bh6
O-O 9. Bxg7 Kxg7 10. O-O-O b5 11. Bd5 Nxd5 12. Nxd5 e6 13. Qc3+ e5 14. f4 f6
15. fxe5 fxe5 16. Nf3 Bg4 17. Rhf1 Bxf3 18. Rxf3 Rxf3 19. gxf3 Nd4 20. Re1 Nxf3
21. Nf4 Qg5 22. Qd2 Nxd2 23. Ne6+ Kh6 24. Nxg5 Kxg5 25. Kxd2 Rf8 26. Re2 Rf3
27. Re3 Kf4 28. Re2 h5 29. Rg2 g5 30. b3 g4 31. Ke2 h4 32. Rf2 Rxf2+ 33. Kxf2
g3+ 34. hxg3+ hxg3+ 35. Kg2 Kg4 36. a4 b4 37. a5 Kf4 38. Kf1 Kf3 39. Kg1 g2 40.
d4 cxd4 41. c4 bxc3 42. b4 c2 43. Kh2 c1=Q 44. b5 Qh6+ 0-1

[Event "ENCI Limburg-open C"]
[Site "Maastricht"]
[Date "2010.05.22"]
[Round "2"]
[White "Dubbeldam, Mathijs"]
[Black "Godding, Mick"]
[Result "0-1"]
[WhiteElo "1002"]
[BlackElo "1516"]
[PlyCount "68"]
[EventDate "2010.05.21"]
[EventType "swiss"]
[EventRounds "7"]
[EventCountry "NED"]
[Source "P.Boonen"]
[SourceDate "2010.10.01"]

1. e4 e5 2. Nf3 Nc6 3. d4 exd4 4. Nxd4 Bc5 5. Be3 Qf6 6. c3 Nge7 7. Bc4 O-O 8.
f4 Nxd4 9. cxd4 Bb4+ 10. Nc3 d5 11. exd5 Nf5 12. Bd2 Qh4+ 13. Ke2 Nxd4+ 14. Kd3
c5 15. dxc6 Rd8 16. Nd5 Bxd2 17. Qxd2 bxc6 18. Kxd4 cxd5 19. Bb3 Qf6+ 20. Ke3
d4+ 21. Kf2 d3 22. Rhe1 Qd4+ 23. Re3 Qxf4+ 24. Kg1 Qd4 25. Kf1 Be6 26. Rae1 h6
27. Bd1 Bg4 28. Bxg4 Qxg4 29. Rxd3 Qf5+ 30. Ke2 Qg4+ 31. Kf1 Qf5+ 32. Ke2 Rxd3
33. Qxd3 Re8+ 34. Kd2 Qxd3+ 0-1

[Event "ENCI Limburg-open C"]
[Site "Maastricht"]
[Date "2010.05.22"]
[Round "2"]
[White "Elisen, Peter"]
[Black "Van Eijk, Liedewij"]
[Result "1-0"]
[WhiteElo "1589"]
[BlackElo "1281"]
[PlyCount "111"]
[EventDate "2010.05.21"]
[EventType "swiss"]
[EventRounds "7"]
[EventCountry "NED"]
[Source "P.Boonen"]
[SourceDate "2010.10.01"]

1. c4 d6 2. Nc3 Nf6 3. e4 Nbd7 4. g3 e5 5. Bg2 c6 6. Nf3 Be7 7. O-O Qc7 8. d4
h6 9. Nh4 g6 10. f4 Nf8 11. fxe5 dxe5 12. dxe5 Bg4 13. Qe1 Qxe5 14. Nf3 Bxf3
15. Bxf3 Qc5+ 16. Be3 Qxc4 17. Qf2 b6 18. e5 N6d7 19. Bd4 O-O-O 20. Be2 Qxd4
21. Qxd4 Bc5 22. Qxc5 Nxc5 23. Rxf7 Nfd7 24. Bg4 Kb8 25. Re1 h5 26. Bxd7 Nxd7
27. e6 Nc5 28. e7 Rc8 29. Ref1 Ne6 30. R7f6 Ng7 31. Rf8 Nf5 32. Rf7 Rce8 33.
Re1 Nh6 34. Rf6 Nf5 35. Rf7 Nh6 36. Rg7 Nf5 37. Rxg6 Nxe7 38. Rge6 Rh7 39. Rxc6
Nxc6 40. Rxe8+ Kb7 41. Ne4 Re7 42. Rxe7+ Nxe7 43. Nf6 h4 44. gxh4 Nf5 45. h5
Nh6 46. Kf2 Kc6 47. Kf3 Kd6 48. Kf4 Ke6 49. Kg5 Nf7+ 50. Kg6 Ne5+ 51. Kg7 Nf7
52. Ng4 Nd6 53. h6 Nf5+ 54. Kf8 Ne7 55. h7 Kf5 56. Kxe7 1-0

[Event "ENCI Limburg-open C"]
[Site "Maastricht"]
[Date "2010.05.22"]
[Round "2"]
[White "Gerlagh, Joris"]
[Black "Fortenbacher, Florian"]
[Result "1-0"]
[WhiteElo "1654"]
[BlackElo "1431"]
[PlyCount "77"]
[EventDate "2010.05.21"]
[EventType "swiss"]
[EventRounds "7"]
[EventCountry "NED"]
[Source "P.Boonen"]
[SourceDate "2010.10.01"]

1. d4 g6 2. c4 Bg7 3. Nc3 Nf6 4. Bg5 d6 5. Nf3 Bf5 6. e3 O-O 7. Bd3 Bxd3 8.
Qxd3 Nbd7 9. O-O c5 10. d5 a6 11. Rab1 Qa5 12. e4 Rfb8 13. Bd2 Qc7 14. Rfe1 Ra7
15. Bf4 Nh5 16. Bg3 Nhf6 17. Qe2 b6 18. e5 dxe5 19. Nxe5 Nxe5 20. Qxe5 Qxe5 21.
Rxe5 h6 22. Bf4 Rbb7 23. Re2 b5 24. Be3 Nd7 25. Ne4 bxc4 26. Nxc5 Nxc5 27. Bxc5
Ra8 28. Rxe7 Rxb2 29. Rxb2 Bxb2 30. d6 c3 31. d7 c2 32. Re8+ Kh7 33. Be3 Bd4
34. Rxa8 Bxe3 35. Rc8 Bg5 36. Rxc2 Kg7 37. Rc8 f5 38. d8=Q Bxd8 39. Rxd8 1-0

[Event "ENCI Limburg-open C"]
[Site "Maastricht"]
[Date "2010.05.22"]
[Round "2"]
[White "Heuts, Guido"]
[Black "De Ridder, Gertie"]
[Result "1-0"]
[WhiteElo "1450"]
[BlackElo "1248"]
[PlyCount "75"]
[EventDate "2010.05.21"]
[EventType "swiss"]
[EventRounds "7"]
[EventCountry "NED"]
[Source "P.Boonen"]
[SourceDate "2010.10.01"]

1. d4 d5 2. c4 e6 3. Nc3 Nf6 4. Bg5 Bb4 5. e3 Nc6 6. Nf3 O-O 7. Be2 h6 8. Bh4
g5 9. Bg3 Ne4 10. Rc1 b6 11. a3 Bxc3+ 12. bxc3 Nxg3 13. fxg3 Qf6 14. O-O Qg7
15. cxd5 exd5 16. c4 Be6 17. Qd2 f6 18. c5 Na5 19. Qc3 c6 20. Nd2 Rac8 21. e4
f5 22. e5 f4 23. gxf4 gxf4 24. Bf3 Bh3 25. Kh1 Rf5 26. gxh3 Kh8 27. Bg4 Rg8 28.
Qf3 Qg5 29. Bxf5 Qxf5 30. Qxf4 Qxh3 31. Qf6+ Rg7 32. Rg1 Qd7 33. Rxg7 Qxg7 34.
Rf1 Qxf6 35. Rxf6 Kg7 36. Rf3 b5 37. e6 Nb7 38. e7 1-0

[Event "ENCI Limburg-open C"]
[Site "Maastricht"]
[Date "2010.05.22"]
[Round "2"]
[White "Hinzen, Jack"]
[Black "Parren, Ashley"]
[Result "1-0"]
[WhiteElo "1489"]
[BlackElo "1250"]
[PlyCount "139"]
[EventDate "2010.05.21"]
[EventType "swiss"]
[EventRounds "7"]
[EventCountry "NED"]
[Source "P.Boonen"]
[SourceDate "2010.10.01"]

1. e4 e5 2. Bc4 Nf6 3. d3 Nc6 4. a3 a5 5. Be3 g6 6. Ne2 Bg7 7. Nbc3 d6 8. Bg5
O-O 9. O-O Be6 10. Bd5 Qd7 11. Bxf6 Bxf6 12. f4 Qe7 13. f5 Bd7 14. Qe1 Nd4 15.
Nxd4 exd4 16. Ne2 c6 17. Ba2 Be5 18. Qf2 Qf6 19. Kh1 Kg7 20. Ng1 d5 21. Rae1
Rfe8 22. Ne2 Ra6 23. Nf4 Qd6 24. fxg6 fxg6 25. Qh4 Rf8 26. Nh5+ gxh5 27. Rxf8
Kxf8 28. Rf1+ Ke8 29. Qg5 Be6 30. Qxh5+ Kd7 31. Qxh7+ Qe7 32. Qh5 Ra8 33. Qxe5
dxe4 34. Bxe6+ Qxe6 35. Qxe6+ Kxe6 36. dxe4 b5 37. Rd1 Ke5 38. Re1 c5 39. g3 c4
40. Kg2 c3 41. bxc3 dxc3 42. Kf3 Rf8+ 43. Ke3 Rh8 44. Re2 b4 45. axb4 a4 46.
Kd3 Rc8 47. Re1 Rh8 48. Re2 Ra8 49. Re1 Rh8 50. h4 Rg8 51. Rg1 Rg4 52. Kxc3
Rxe4 53. b5 a3 54. Kb3 Re3+ 55. c3 a2 56. Kxa2 Rxc3 57. h5 Rc8 58. b6 Kf5 59.
g4+ Kg5 60. b7 Rb8 61. Rb1 Kh6 62. Ka3 Kg7 63. Ka4 Kf8 64. Ka5 Kg7 65. Ka6 Rd8
66. Ka7 Rd7 67. Ka8 Rd8+ 68. b8=Q Rxb8+ 69. Rxb8 Kh6 70. Rb6+ 1-0

[Event "ENCI Limburg-open C"]
[Site "Maastricht"]
[Date "2010.05.22"]
[Round "2"]
[White "Houben, Tom"]
[Black "Sterck, Arno"]
[Result "1-0"]
[WhiteElo "949"]
[BlackElo "1367"]
[PlyCount "53"]
[EventDate "2010.05.21"]
[EventType "swiss"]
[EventRounds "7"]
[EventCountry "NED"]
[Source "P.Boonen"]
[SourceDate "2010.10.01"]

1. d4 d5 2. Bf4 e6 3. Nf3 Nf6 4. e3 Nc6 5. c4 dxc4 6. Bxc4 Bb4+ 7. Nbd2 O-O 8.
O-O Nh5 9. Bg3 Nxg3 10. hxg3 Bxd2 11. Qxd2 e5 12. d5 Ne7 13. Nxe5 c6 14. Rad1
b5 15. Bb3 Qd6 16. Nf3 Bb7 17. dxc6 Qxc6 18. Qe2 g5 19. Qc2 Qxc2 20. Bxc2 Bxf3
21. gxf3 Rac8 22. Be4 f5 23. Bb1 Rfd8 24. Kg2 Kg7 25. Rh1 a5 26. g4 fxg4 27.
Rxh7+ 1-0

[Event "ENCI Limburg-open C"]
[Site "Maastricht"]
[Date "2010.05.22"]
[Round "2"]
[White "Katoen, Tom"]
[Black "Demarre, Thomas"]
[Result "1-0"]
[WhiteElo "1235"]
[BlackElo "1332"]
[PlyCount "79"]
[EventDate "2010.05.21"]
[EventType "swiss"]
[EventRounds "7"]
[EventCountry "NED"]
[Source "P.Boonen"]
[SourceDate "2010.10.01"]

1. c4 c5 2. Nc3 Nf6 3. Nf3 e6 4. g3 d5 5. d3 Nc6 6. Bf4 Qa5 7. Qd2 a6 8. Bg2 d4
9. Ne4 Nxe4 10. dxe4 Qxd2+ 11. Nxd2 e5 12. Bxe5 Nxe5 13. f4 Nc6 14. O-O Bg4 15.
Rfe1 Bd6 16. a3 O-O 17. h3 Be6 18. Rab1 b5 19. b3 Bc7 20. e5 f6 21. Bxc6 Rac8
22. cxb5 axb5 23. Bxb5 Ba5 24. b4 Bb6 25. Bc4 Bxc4 26. Nxc4 Rfd8 27. Nxb6 Rb8
28. bxc5 d3 29. exd3 Rxd3 30. e6 Rxg3+ 31. Kh2 Rxa3 32. e7 Re8 33. c6 Rc3 34.
Rbc1 Rxe7 35. Rxc3 Rxe1 36. c7 Re2+ 37. Kg3 Kf7 38. c8=Q Kg6 39. Qg4+ Kh6 40.
Qxe2 1-0

[Event "ENCI Limburg-open C"]
[Site "Maastricht"]
[Date "2010.05.22"]
[Round "2"]
[White "Laarhoven, Marcel"]
[Black "Lemmens, Paul"]
[Result "1-0"]
[WhiteElo "1716"]
[BlackElo "1322"]
[PlyCount "63"]
[EventDate "2010.05.21"]
[EventType "swiss"]
[EventRounds "7"]
[EventCountry "NED"]
[Source "P.Boonen"]
[SourceDate "2010.10.01"]

1. e4 e5 2. Nf3 Nc6 3. d4 exd4 4. Bc4 f6 5. O-O Bc5 6. Nbd2 d6 7. h3 f5 8. exf5
Bxf5 9. Re1+ Nge7 10. Nb3 Qd7 11. Nbxd4 d5 12. Nxf5 O-O-O 13. Nxe7+ Nxe7 14.
Bd3 Nc6 15. c3 g5 16. Ne5 Nxe5 17. Rxe5 Rdf8 18. Be3 Bd6 19. Rxg5 h5 20. Bd4
Qf7 21. Bf5+ Kd8 22. Bxh8 Rxh8 23. Qd4 Rf8 24. Qxa7 Bf4 25. Re1 c6 26. Qb6+ Bc7
27. Qe3 b6 28. Qe6 Qxe6 29. Bxe6 Re8 30. Rg8 Bd6 31. Rxe8+ Kxe8 32. Bxd5+ 1-0